|
|
|
|
| LEADER |
00000nam0a2200000 4500 |
| 001 |
302330 |
| 005 |
20231102001507.0 |
| 035 |
|
|
|a (RuTPU)RU\TPU\book\327527
|
| 090 |
|
|
|a 302330
|
| 100 |
|
|
|a 20150820d1971 km y0rusy50 ca
|
| 101 |
0 |
|
|a rus
|
| 102 |
|
|
|a RU
|
| 105 |
|
|
|a a z 001zy
|
| 200 |
1 |
|
|a Автоматическое включение резерва
|f М. Т. Левченко, М. Н. Хомяков
|
| 210 |
|
|
|a Москва
|c Энергия
|d 1971
|
| 215 |
|
|
|a 79 с.
|c ил.
|
| 225 |
1 |
|
|a Библиотека электромонтера
|v Вып. 324
|
| 320 |
|
|
|a Библиогр.: с. 79.
|
| 606 |
1 |
|
|a Электрические сети, распределительные
|x Включение и отключение автоматическое
|2 stltpush
|3 (RuTPU)RU\TPU\subj\27479
|9 51229
|
| 610 |
1 |
|
|a резервное питание
|
| 610 |
1 |
|
|a автоматическое включение
|
| 610 |
1 |
|
|a схемы
|
| 610 |
1 |
|
|a пусковые режимы
|
| 610 |
1 |
|
|a постоянный оперативный ток
|
| 610 |
1 |
|
|a переменный оперативный ток
|
| 610 |
1 |
|
|a наладка
|
| 675 |
|
|
|a 621.316.1
|v 3
|
| 700 |
|
1 |
|a Левченко
|b М. Т.
|g Михаил Тихонович
|
| 701 |
|
1 |
|a Хомяков
|b М. Н.
|g Михаил Николаевич
|
| 801 |
|
1 |
|a RU
|b 63413507
|c 20150820
|
| 801 |
|
2 |
|a RU
|b 63413507
|c 20150917
|g RCR
|
| 942 |
|
|
|c BK
|